The birth and development of the geological sciences /

Detalles Bibliográficos
Autor principal: Adams, Frank Dawson
Formato: Libro
Publicado: New York : Dover, 1938.
Materias:
Etiquetas: Agregar Etiqueta
Sin Etiquetas, Sea el primero en etiquetar este registro!

MARC

LEADER 00000nam a22000004a 4500
001 AR-BbUGT1904
003 AR-BbUGT
005 20181220001610.0
007 ta
008 061101t1938 |||a |0|||0| d
040 |a AR-BbUGT  |b spa  |c AR-BbUGT 
082 0 4 |a 550 
100 1 |a Adams, Frank Dawson. 
245 1 4 |a The birth and development of the geological sciences /   |c Frank Dawson Adams. 
260 |a New York :   |b Dover,   |c 1938. 
300 |a 505 p. :   |b il. 
653 |a Geociencias 
653 |a Geología 
942 |c BK  |h 550  |i AD17  |m D  |2 ddc  |6 550_000000000000000_AD17 
999 |c 9607  |d 9607